000 00758aam a22002531i 4500
001 018507847
003 EG-ScBUE
005 20251201104900.0
008 140204t1985 nyu f 000 f eng d
020 _a0671552473
040 _aTEFOD
_beng
_erda
_cTEFOD
_dTEFOD
_dOCLCQ
_dUk
_dEG-ScBUE
082 0 4 _a813.52
_222
_bBEL
100 1 _aBellow, Saul,
_eauthor.
245 1 0 _aHim with his foot in his mouth and other stories /
_cSaul Bellow.
264 1 _aNew York :
_bPocket Books,
_c[1985]
264 4 _cc1985
300 _a345 pages ;
_c20 cm
336 _atext
_2rdacontent
_btxt
337 _acomputer
_2rdamedia
_bn
338 _aonline resource
_2rdacarrier
_bnc
650 7 _aMusicologists
_vFiction.
_2BUEsh
655 _vReading book
942 _2ddc
_cBB
999 _c31041
_d31012